000 01163njm a2200289Ia 4500
001 24341
003 IT-RoPAU
005 20220918181216.0
008 131025s9999 xx 000 0 und d
040 _aIT-RoPAU
040 _cIT-RoPAU
999 _c104003
_d104003
999 _bn.d.
100 _aStrauss Johann Jr.
_95717
100 _eAutore musica
_910285
100 _gCodice autore musica SPICS: 11164
_95719
245 _aJohann Strauss Bittet Zum Ball
250 _a1a ed.
260 _aGERMANY
260 _bBASF
_c1973 [1a Ed.:1973]
300 _aDISCO
300 _c85 minuti (Testo: pag.)
500 _aMusica classica. Polka francese, valzer, marcia.
505 _aHofballtanze op.298 - Harmonie polka francaise - Damenspende - Debut quadrille - Ballstrausschen - Fest marsch - Burgerball polka - Auroraball polka francaise - Juristenball tanze - Juristenball polka - Rathausball tanze - Aesculap polka - Aurora polka - Architecten ball tanze - Armenball polka - Hopser polka - Gambrinus tanze - Figaro polka.
511 _aDie Berliner Symphoniker diretti da Stolz Robert
650 _aWALZER [DISCHI]
_eCodice MATERIA SPICS: 9950
_910286
942 _cMD
_2ddc